Programmable Logic Controllers / (Record no. 1953)

MARC details
000 -LEADER
fixed length control field 00838nac a22002411u 4500
008 - FIXED-LENGTH DATA ELEMENTS--GENERAL INFORMATION
fixed length control field 100914t2007 nyj|||||r|||| 001 0 eng d
010 ## - LIBRARY OF CONGRESS CONTROL NUMBER
LC control number 2006017888
020 ## - INTERNATIONAL STANDARD BOOK NUMBER
International Standard Book Number 0134328817
020 ## - INTERNATIONAL STANDARD BOOK NUMBER
International Standard Book Number 9780134328812
035 ## - SYSTEM CONTROL NUMBER
System control number (OCoLC)ocm69734534
035 ## - SYSTEM CONTROL NUMBER
System control number (OCoLC)69734534
082 00 - DEWEY DECIMAL CLASSIFICATION NUMBER
Classification number 629.89
Item number REH
Edition number 22
100 ## - MAIN ENTRY--PERSONAL NAME
Personal name Rehg, James A.
9 (RLIN) 19071
245 10 - TITLE STATEMENT
Title Programmable Logic Controllers /
Statement of responsibility, etc James A. Rehg, Glenn J. Sartori.
260 ## - PUBLICATION, DISTRIBUTION, ETC. (IMPRINT)
Place of publication, distribution, etc Upper Saddle River, N.J. :
Name of publisher, distributor, etc Prentice Hall, 2007
Date of publication, distribution, etc c2007.
300 ## - PHYSICAL DESCRIPTION
Extent xvii, 606 p. :
Other physical details ill. ;
Dimensions 27 cm. +
Accompanying material 1 CD-ROM (4 3/4 in.)
500 ## - GENERAL NOTE
General note Includes index.
650 #0 - SUBJECT ADDED ENTRY--TOPICAL TERM
Topical term or geographic name as entry element Programmable controllers.
9 (RLIN) 19072
653 ## - INDEX TERM--UNCONTROLLED
Resource For college
700 1# - ADDED ENTRY--PERSONAL NAME
Personal name Sartori, Glenn J.
9 (RLIN) 19073
856 41 - ELECTRONIC LOCATION AND ACCESS
Materials specified Table of contents
Uniform Resource Identifier <a href="http://www.loc.gov/catdir/toc/ecip0614/2006017888.html">http://www.loc.gov/catdir/toc/ecip0614/2006017888.html</a>
942 ## - ADDED ENTRY ELEMENTS (KOHA)
Item type Book - Borrowing
Call number prefix 629.89 REH
Source of classification or shelving scheme Dewey Decimal Classification
Holdings
Withdrawn status Item status Source of classification or shelving scheme Damaged status Not for loan Vendor Home library Current library Shelving location Date acquired Source of acquisition Total Checkouts Full call number Barcode Date last seen Koha item type Total Renewals Date last borrowed
    Dewey Decimal Classification       Central Library Central Library First floor 14/09/2010     629.89 REH 000021619 24/08/2022 CD | DVD - With book    
    Dewey Decimal Classification       Central Library Central Library First floor 06/07/2011   3 629.89 REH 000002409 15/07/2025 Book - Borrowing 4 16/01/2019